Phobias Click Quiz: L - Statistics

General Stats
  • This quiz has been taken 90 times
  • The average score is 6 of 15
Answer Stats
Hint Answer % Correct
Fear of Latin people Latinophobia
100%
Fear of fats in food Lipophobia
69%
Fear of butterflies and moths Lepidopterophobia
63%
Fear of words Logophobia
63%
Fear of the color white Leukophobia
51%
Fear of the Portuguese and Portuguese culture Lusophobia
43%
Fear of lawsuits Liticaphobia
40%
Fear of speaking Laliophobia
26%
Fear of vegetables Lachanophobia
23%
Fear of lakes Limnophobia
23%
Fear of darkness Lygophobia
23%
Fear of things to the left side of the body Levophobia
20%
Fear of otters Lutraphobia
17%
Fear of loud noises Ligyrophobia
14%
Fear of tornadoes or hurricanes Lilapsophobia
14%
No matching quizzes found
Score Distribution
Percent of People with Each Score
Percentile by Number Answered
Your Score History
You have not taken this quiz